[Event "Let's Play Chess!"]
[Site "http://www.queenalice.com/game.php?id=249583"]
[Date "2007.8.2"]
[Round "-"]
[White "spawnwolfwolverine"]
[Black "Strong_Player"]
[Result "0-1"]
[WhiteElo "1784"]
[BlackElo "1561"]

1. d4 d5 2. e3 Nf6 3. Nf3 Bg4 4. Be2 e6 5. O-O Nc6 6. b3 Bd6 7. Ba3 O-O 8. Bxd6
Qxd6 9. Nbd2 Bxf3 10. Bxf3 e5 11. dxe5 Nxe5 12. c4 c6 13. Ne4 Nxf3+ 14. gxf3
Nxe4 15. fxe4 Qg6+ 16. Kh1 Qxe4+ 17. Kg1 Rad8 18. cxd5 Rxd5 19. Qe2 Rg5+ 20. Qg4
Rxg4# 0-1

[Event "AUTO-OPEN-769"]
[Site "http://www.queenalice.com/game.php?id=249588"]
[Date "2007.8.2"]
[Round "1"]
[White "Roman"]
[Black "Strong_Player"]
[Result "1-0"]
[WhiteElo "1973"]
[BlackElo "1357"]

1. e4 c5 2. Nf3 b6 3. d4 cxd4 4. Nxd4 Bb7 5. Bd3 Nc6 6. Be3 Nf6 7. Nc3 Qb8 8.
Nf3 d6 9. O-O e6 10. a3 Be7 11. h3 O-O 12. Re1 Nd7 13. Nh2 Nc5 14. Qe2 Nxd3 15.
cxd3 Na5 16. b4 Nc6 17. f4 a5 18. b5 Nd8 19. a4 d5 20. exd5 exd5 21. Bxb6 Qd6
22. Bd4 Ne6 23. Be5 Qc5+ 24. Kh1 Nd4 25. Bxd4 Qxd4 26. Qxe7 Qxc3 27. Qxb7 Qxd3
28. Red1 1-0

[Event "AUTO-OPEN-769"]
[Site "http://www.queenalice.com/game.php?id=249589"]
[Date "2007.8.2"]
[Round "1"]
[White "Strong_Player"]
[Black "Roman"]
[Result "0-1"]
[WhiteElo "1363"]
[BlackElo "1959"]

1. e4 c5 2. Nf3 Nc6 3. d4 cxd4 4. Nxd4 Nf6 5. Nxc6 bxc6 6. e5 Nd5 7. c4 Nb6 8.
Be3 Bb7 9. Qb3 Qc7 10. Nc3 Qxe5 11. Bd3 e6 12. Nb5 cxb5 13. cxb5 Bxg2 14. Rg1
Bd5 15. Qc3 Qxh2 16. Ke2 Qh5+ 17. Ke1 Rc8 18. Qa5 Qh2 19. Rf1 Qb8 20. Ke2 Be7
21. Rfc1 O-O 22. Bxb6 axb6 23. Qa6 Bc5 24. Rc2 Qf4 25. Rf1 Bf3+ 26. Ke1 Bb4+ 27.
Rc3 Qc1# 0-1

[Event "AUTO-OPEN-769"]
[Site "http://www.queenalice.com/game.php?id=249620"]
[Date "2007.8.2"]
[Round "1"]
[White "Strong_Player"]
[Black "stamm"]
[Result "0-1"]
[WhiteElo "1376"]
[BlackElo "1772"]

1. e4 e5 2. b3 d5 3. exd5 Qxd5 4. Nf3 e4 5. Nc3 Qe6 6. Nd4 Qf6 7. Ndb5 Qc6 8.
Bc4 Be6 9. Bxe6 fxe6 10. d3 a6 11. Qh5+ g6 12. Qe5 axb5 13. Qxb5 Qxb5 0-1

[Event "AUTO-OPEN-769"]
[Site "http://www.queenalice.com/game.php?id=249621"]
[Date "2007.8.2"]
[Round "1"]
[White "stamm"]
[Black "Strong_Player"]
[Result "1-0"]
[WhiteElo "1785"]
[BlackElo "1376"]

1. d4 Nf6 2. Nf3 d5 3. c4 c6 4. e3 e6 5. Nc3 Bb4 6. Bd2 Bxc3 7. Bxc3 Ne4 8. Bd3
Nxc3 9. bxc3 Nd7 10. O-O O-O 11. cxd5 exd5 12. Qc2 1-0

[Event "Let's Play Chess!"]
[Site "http://www.queenalice.com/game.php?id=249849"]
[Date "2007.8.2"]
[Round "-"]
[White "what"]
[Black "Strong_Player"]
[Result "1-0"]
[WhiteElo "1383"]
[BlackElo "1639"]

1. d4 d5 2. Bf4 Nf6 3. Nc3 e6 4. g3 Bb4 5. a3 Bd6 6. Qd2 Bxf4 7. Qxf4 Nc6 8. e3
a6 9. h4 Nh5 10. Qg5 Qxg5 11. hxg5 g6 12. g4 Ng7 13. O-O-O O-O 14. f4 Ne8 15.
Nf3 Nd6 16. Bd3 b5 17. Ne5 Nxe5 18. fxe5 Nc4 19. Rh3 c6 20. Ne2 a5 21. Nf4 a4
22. c3 Kg7 23. Nh5+ Kg8 24. Nf6+ Kg7 25. Rxh7# 1-0

[Event "Let's Play Chess!"]
[Site "http://www.queenalice.com/game.php?id=249850"]
[Date "2007.8.2"]
[Round "-"]
[White "ronmos14"]
[Black "Strong_Player"]
[Result "0-1"]
[WhiteElo "1345"]
[BlackElo "1665"]

1. Nf3 d5 2. d4 Nf6 3. Nc3 e6 4. Bf4 Bb4 5. Qd3 O-O 6. O-O-O Bxc3 7. Qxc3 Nc6 8.
a3 Ne4 9. Qe3 Qe7 10. c3 Na5 11. Be5 Nb3+ 12. Kc2 Na5 13. b4 Nc4 14. Qf4 Nxa3+
15. Kb3 f6 16. Qh4 Nb5 17. Rd3 a5 18. Ka4 Nbxc3+ 19. Rxc3 Qxb4# 0-1

[Event "Let's Play Chess!"]
[Site "http://www.queenalice.com/game.php?id=249871"]
[Date "2007.8.2"]
[Round "-"]
[White "Strong_Player"]
[Black "HolyPhoenix"]
[Result "1-0"]
[WhiteElo "1500"]
[BlackElo "1343"]

1. g3 g6 2. c4 Nf6 3. Nc3 Bg7 4. Nf3 O-O 5. Bg2 d6 6. d4 Nc6 7. O-O Bg4 8. d5
Bxf3 9. Bxf3 Ne5 10. b3 Nxf3+ 11. exf3 Nxd5 12. cxd5 Bxc3 13. Rb1 1-0

[Event "Let's Play Chess!"]
[Site "http://www.queenalice.com/game.php?id=249872"]
[Date "2007.8.2"]
[Round "-"]
[White "Powerslave"]
[Black "Strong_Player"]
[Result "1-0"]
[WhiteElo "1511"]
[BlackElo "1529"]

1. c4 e5 2. Nc3 Nf6 3. Nf3 Nc6 4. e4 Bb4 5. d3 Bxc3+ 6. bxc3 O-O 7. Be2 a6 8.
Bg5 h6 9. Bh4 d6 10. Rb1 Qe7 11. O-O Bg4 12. Rxb7 Na5 13. Rb1 Bd7 14. Bg3 Nh5
15. Nh4 Nxg3 16. fxg3 c6 17. Bg4 g5 18. Nf5 Bxf5 19. Bxf5 d5 20. cxd5 cxd5 21.
Qh5 Kg7 22. d4 dxe4 23. Rb6 Nc4 24. Qxh6+ 1-0

[Event "Let's Play Chess!"]
[Site "http://www.queenalice.com/game.php?id=249873"]
[Date "2007.8.2"]
[Round "-"]
[White "Strong_Player"]
[Black "Powerslave"]
[Result "0-1"]
[WhiteElo "1473"]
[BlackElo "1529"]

1. e4 e6 2. a3 d5 3. exd5 exd5 4. Nf3 Nf6 5. d4 Bg4 6. Qe2+ Qe7 7. Qxe7+ Bxe7 8.
Be2 O-O 9. Nc3 c6 10. Ne5 Bxe2 11. Nxe2 Nbd7 12. Bg5 Rfe8 13. Nxd7 Nxd7 14. Bxe7
Rxe7 15. Kd2 Rae8 16. Rae1 Nf6 17. f3 Nh5 18. g3 Re3 19. Nc3 Rxe1 20. Rxe1 Rxe1
21. Kxe1 Kf8 22. Ke2 Ke7 23. b3 Ke6 24. Ke3 g5 25. Ne2 f5 26. g4 f4+ 27. Kf2 Nf6
28. c4 b6 29. cxd5+ Nxd5 30. h3 c5 31. a4 a6 0-1

[Event "Let's Play Chess!"]
[Site "http://www.queenalice.com/game.php?id=249875"]
[Date "2007.8.2"]
[Round "-"]
[White "MrRonMosley"]
[Black "Strong_Player"]
[Result "1-0"]
[WhiteElo "1597"]
[BlackElo "1566"]

1. h4 Nc6 2. h5 Nf6 3. f3 d5 4. Rh4 Qd6 5. f4 Bg4 6. g3 Bxh5 7. a3 Qc5 8. Nh3
Nd4 9. c3 Nf5 10. b4 Qd6 11. Rxh5 Nxh5 12. e4 dxe4 13. Qxh5 Nxg3 14. Qb5+ Qc6
15. Qxc6+ bxc6 16. Kf2 Nh5 17. Bg2 e6 18. Bxe4 Kd7 19. b5 Bc5+ 20. d4 Bxd4+ 21.
cxd4 Rab8 22. Bxc6+ Kd6 23. a4 h6 24. Ba3# 1-0

[Event "Challenge"]
[Site "http://www.queenalice.com/game.php?id=250660"]
[Date "2007.8.4"]
[Round "-"]
[White "robertolanger"]
[Black "Strong_Player"]
[Result "0-1"]
[WhiteElo "1260"]
[BlackElo "1361"]

1. e4 c5 2. Qh5 e6 3. e5 Nc6 4. Nf3 g6 5. Qh4 Qxh4 6. Nxh4 Nxe5 7. b3 Nf6 8. Bb2
Bd6 9. Nc3 b6 10. O-O-O Neg4 11. Nb5 Bb8 12. Bxf6 Nxf6 13. f3 a6 14. Nc3 g5 15.
Ne4 Nxe4 16. fxe4 gxh4 17. c4 Bb7 18. d3 Bf4+ 19. Kb1 O-O-O 20. h3 f5 21. Be2
fxe4 22. d4 Rhg8 23. dxc5 Rxg2 24. Bf1 Rf2 25. Rd6 Bxd6 26. cxd6 e3 27. Rg1 Rd2
28. Rg4 Bf3 29. Rxh4 Rd1+ 30. Kb2 Rxf1 31. Rxh7 e2 32. h4 e1=Q 33. Rf7 Qe5+ 34.
Ka3 Qa5+ 35. Kb2 Rf2+ 36. Ka1 Qe1# 0-1

[Event "Challenge #104"]
[Site "http://www.queenalice.com/game.php?id=251844"]
[Date "2007.8.6"]
[Round "-"]
[White "Kirkland"]
[Black "Strong_Player"]
[Result "1-0"]
[WhiteElo "2319"]
[BlackElo "1437"]

1. d4 Nf6 2. c4 c6 3. Nc3 d5 4. Nf3 Bf5 5. cxd5 cxd5 6. Qb3 b6 7. Bg5 e6 8. e4
dxe4 9. Bb5+ Nbd7 10. Ne5 Be7 11. Bxf6 Bxf6 12. Nxd7 Bxd4 13. Qb4 Bxc3+ 14. bxc3
1-0

[Event "Ajedrez!"]
[Site "http://www.queenalice.com/game.php?id=251892"]
[Date "2007.8.6"]
[Round "-"]
[White "jmarcen"]
[Black "Strong_Player"]
[Result "1-0"]
[WhiteElo "2010"]
[BlackElo "1376"]

1. e4 c5 2. c3 Nf6 3. e5 Nd5 4. d4 cxd4 5. Nf3 Nc6 6. Bc4 Nb6 7. Bb3 dxc3 8.
Nxc3 e6 9. Ne4 f6 10. exf6 gxf6 11. O-O d5 12. Nc3 a6 13. Re1 Bg7 14. Nxd5 Nxd5
15. Bxd5 Kf7 16. Bb3 Re8 17. Bf4 Qxd1 18. Raxd1 b5 19. Nh4 a5 20. Nf5 Kg6 21.
Nd6 Rd8 22. Bc2+ f5 23. g4 1-0